| 000 | 00732nam a22002057a 4500 | ||
|---|---|---|---|
| 999 |
_c10983 _d10983 |
||
| 003 | AR-CdUCM | ||
| 008 | 190402b ||||| |||| 00| 0 spa d | ||
| 040 |
_aMUNICIPALIDAD PROVINCIAL DEL CUSCO _cBIBLIOTECA MUNICIPAL DEL CUSCO |
||
| 082 |
_a050 / _bG59 / 1937 |
||
| 100 |
_aGold, Michael _928085 |
||
| 245 | _aJudíos sin dinero / | ||
| 260 |
_aSantiago : _bErcilla, _c1937. |
||
| 300 |
_a80 páginas ; _c27 cm. |
||
| 440 |
_aExcelsior ; _n52 _928086 |
||
| 505 | _aContenido: Cincuenta centavos la noche -- Como se hacen los niños -- Un a pandilla de granujas -- Hongos venenosos -- Hizo dios las chinches ... | ||
| 650 |
_aRevista literaria _92343 |
||
| 650 |
_aLiteratura social _914988 |
||
| 942 |
_2ddc _cLIBROS |
||
| 945 | _aacv | ||